| 000 | 00359nam a22001457a 4500 | ||
|---|---|---|---|
| 020 | _a81-87834-02-1 | ||
| 082 |
_a823 _bCHA/K |
||
| 100 | _aCHANDRASEKHARAN, VIMALA | ||
| 245 |
_aKRISHNA & ARJUNA _bOTHER STORIES FROM MAHABHARATHA |
||
| 260 |
_aCHENNAI _bSEASONS PUBLISHING |
||
| 300 | _a135 | ||
| 520 | _aCLASSIC STORY | ||
| 650 | _aCLASSIC STORY | ||
| 942 | _cBK | ||
| 999 |
_c3947 _d3947 |
||